• 首页
  • 本馆介绍
  • 公告通知
  • 最新文献
  • 馆藏检索
  • 电子资源
  • 读者导购
  • 参考咨询
  • 我的图书馆
  • 登录
  • 详细信息显示
  • 放入我的书架
  • 预约/预借图书
  • 作者相关作品
  • 分类相关作品
  • 丛书相关作品
  • 出版社相关作品

书目信息

  • 表格格式
  • 工作单格式
  • 卡片格式
题名:
印度婆罗多舞蹈教程
    
 
作者: 张均 主编
分册:  
出版信息: 上海   上海音乐出版社  2004
页数: 14,117页
开本: 23cm
丛书名:
单 册:
中图分类: J732.4
科图分类:
主题词: 古典舞蹈--印度--教材
电子资源:
ISBN: 7-80667-637-6
000 00903nam0 2200241 450
001 TS2006037180
005 20070118105130.73
010    @a7-80667-637-6@dCNY21.00
100    @a20060829d2004 em y0chiy0120 ea
101 0  @achi@eeng
102    @aCN@b310000
105    @aa z 000yy
200 1  @a印度婆罗多舞蹈教程@AYin Du Po Luo Duo Wu Dao Jiao Cheng@dCourse of Indian Bharata Natyam Dance@f张均主编@FZhang Jun Zhu Bian@zeng
210    @a上海@c上海音乐出版社@d2004
215    @a14,117页@c图@d23cm
300    @a北京舞蹈学院“十五”规划教材 舞蹈学科应用与基础理论教材系列 东方舞蹈学科系列
330    @a本书包括婆罗多舞蹈手、眼、躯干、四肢各部分的训练,以及部分表演剧目,并配有图片。
510 1  @aCourse of Indian Bharata Natyam Dance@zeng
606 0  @a古典舞蹈@y印度@x教材
690    @aJ732.4@v4
701  0 @a张均@AZhang Jun@4主编
801  0 @aCN@b中图数据@c20070118
905    @a10447@dJ732.4@e85
    
    印度婆罗多舞蹈教程=Course of Indian Bharata Natyam Dance/张均主编.-上海:上海音乐出版社,2004
    14,117页:图;23cm
    北京舞蹈学院“十五”规划教材 舞蹈学科应用与基础理论教材系列 东方舞蹈学科系列
    
    ISBN 7-80667-637-6:CNY21.00
    本书包括婆罗多舞蹈手、眼、躯干、四肢各部分的训练,以及部分表演剧目,并配有图片。
●
相关链接 在E读中查询图书 在五车中查询图书 在当当中查询图书 在豆瓣中查询图书


正题名:印度婆罗多舞蹈教程     索取号:J732.4/85         预约/预借

序号 登录号 条形码 馆藏地/架位号 状态 备注
1 0608115   206081158   第一样本阅览室/ [索取号:J732.4/85] 在馆    
2 0608116   206081167   第一借阅区/ [索取号:J732.4/85] 在馆    
3 0608117   206081176   第一借阅区/ [索取号:J732.4/85] 在馆    
4 0608118   206081185   第一借阅区/ [索取号:J732.4/85] 在馆    
5 0608119   206081194   第一借阅区/ [索取号:J732.4/85] 在馆    
唐山师范学院图书馆 欢迎您!
大连网信软件有限公司© 版权所有